000
00219 a2200109 4500
001
59935
082
_b
CD
090
_c
36776
_d
36776
245
_a
Multimedia in action + CD
260
_a
CA
_b
wordsworth
_c
1998
505
_a
CD/DVD
942
_a
NUST-CAE
999
_c
295008
_d
295008